<?xml version="1.0" encoding="UTF-8"?><?xml-stylesheet type="text/xsl" href="static/style.xsl"?><OAI-PMH xmlns="http://www.openarchives.org/OAI/2.0/" xmlns:xsi="http://www.w3.org/2001/XMLSchema-instance" xsi:schemaLocation="http://www.openarchives.org/OAI/2.0/ http://www.openarchives.org/OAI/2.0/OAI-PMH.xsd"><responseDate>2026-04-17T21:41:23Z</responseDate><request verb="GetRecord" identifier="oai:www.recercat.cat:2099.1/15884" metadataPrefix="marc">https://recercat.cat/oai/request</request><GetRecord><record><header><identifier>oai:recercat.cat:2099.1/15884</identifier><datestamp>2025-07-22T21:10:26Z</datestamp><setSpec>com_2072_1033</setSpec><setSpec>col_2072_452951</setSpec></header><metadata><record xmlns="http://www.loc.gov/MARC21/slim" xmlns:dcterms="http://purl.org/dc/terms/" xmlns:xsi="http://www.w3.org/2001/XMLSchema-instance" xmlns:doc="http://www.lyncode.com/xoai" xsi:schemaLocation="http://www.loc.gov/MARC21/slim http://www.loc.gov/standards/marcxml/schema/MARC21slim.xsd">
   <leader>00925njm 22002777a 4500</leader>
   <datafield ind2=" " ind1=" " tag="042">
      <subfield code="a">dc</subfield>
   </datafield>
   <datafield ind2=" " ind1=" " tag="720">
      <subfield code="a">Parra García, Carlos</subfield>
      <subfield code="e">author</subfield>
   </datafield>
   <datafield ind2=" " ind1=" " tag="260">
      <subfield code="c">2012-02</subfield>
   </datafield>
   <datafield ind2=" " ind1=" " tag="520">
      <subfield code="a">El presente proyecto trata sobre la ejecución de las instalaciones para 2 bloques&#xd;
de viviendas plurifamiliares con piscina y parking comunitario, y el estudio del ahorro&#xd;
energético para las instalaciones de Energía solar térmica y Energía Fotovoltaica. Este&#xd;
estudio consiste en el cálculo de las emisiones de CO2 que se ahorra al utilizar estas&#xd;
instalaciones. Para conseguir una mayor calidad y sostenibilidad en las instalaciones, se&#xd;
aplicará el DB HE 1 “Limitación de la demanda energética” del C.T.E., para crear una&#xd;
envolvente térmica y reducir la energía disipada y evitar condensaciones.&#xd;
Por último se realizará el presupuesto de ejecución material de las instalaciones&#xd;
para observar en que instalaciones se invierte más dinero y si existe alguna relación en&#xd;
estas.</subfield>
   </datafield>
   <datafield tag="653" ind2=" " ind1=" ">
      <subfield code="a">Àrees temàtiques de la UPC::Edificació::Instal·lacions i acondicionament d'edificis</subfield>
   </datafield>
   <datafield tag="653" ind2=" " ind1=" ">
      <subfield code="a">Building fittings</subfield>
   </datafield>
   <datafield tag="653" ind2=" " ind1=" ">
      <subfield code="a">Building--Standards</subfield>
   </datafield>
   <datafield tag="653" ind2=" " ind1=" ">
      <subfield code="a">Construccio - Normes - Espanya</subfield>
   </datafield>
   <datafield tag="653" ind2=" " ind1=" ">
      <subfield code="a">Edificis -- Instal·lacions</subfield>
   </datafield>
   <datafield ind2="0" ind1="0" tag="245">
      <subfield code="a">Estudio del ahorro energético aplicando normativa DB+HE, de un proyecto ejecutivo de instalaciones para 2 bloques de viviendas</subfield>
   </datafield>
</record></metadata></record></GetRecord></OAI-PMH>